[Event "World Chess Olympiad 2018"]
[Site "Batumi"]
[Date "2018.10.04"]
[Round "10"]
[Board "1"]
[WhiteFideId "4700600"]
[White "Mehmeti Dritan"]
[BlackFideId "7300069"]
[Black "Reyes Najera Carlos A."]
[Result "1-0"]
[LiveChessVersion "1.4.8"]
[BlackElo "2149"]
[WhiteElo "2391"]

1. d4 {[%clk 1:30:56]} Nf6 {[%clk 1:30:54]} 2. Bg5 {[%clk 1:31:21]} e6
{[%clk 1:31:15]} 3. Nd2 {[%clk 1:30:30]} c5 {[%clk 1:31:37]} 4. e3
{[%clk 1:28:41]} Nc6 {[%clk 1:31:57]} 5. Ngf3 {[%clk 1:27:37]} d5
{[%clk 1:30:56]} 6. c3 {[%clk 1:26:00]} cxd4 {[%clk 1:30:09]} 7. exd4
{[%clk 1:26:03]} Be7 {[%clk 1:30:15]} 8. Bd3 {[%clk 1:26:12]} Qb6
{[%clk 1:29:36]} 9. Rb1 {[%clk 1:24:30]} h6 {[%clk 1:26:18]} 10. Bh4
{[%clk 1:23:57]} Bd7 {[%clk 1:18:29]} 11. O-O {[%clk 1:23:59]} g5
{[%clk 1:01:26]} 12. Bg3 {[%clk 1:24:01]} g4 {[%clk 0:56:05]} 13. Ne5
{[%clk 1:21:22]} h5 {[%clk 0:56:28]} 14. Nxc6 {[%clk 1:10:14]} Bxc6
{[%clk 0:53:50]} 15. Qe2 {[%clk 1:08:08]} a5 {[%clk 0:44:10]} 16. Be5
{[%clk 1:03:59]} Rf8 {[%clk 0:36:25]} 17. b3 {[%clk 0:58:12]} Nd7
{[%clk 0:34:02]} 18. Bf4 {[%clk 0:58:06]} Nf6 {[%clk 0:32:10]} 19. a4
{[%clk 0:55:30]} Qd8 {[%clk 0:28:50]} 20. f3 {[%clk 0:51:08]} Rc8
{[%clk 0:20:34]} 21. fxg4 {[%clk 0:47:54]} hxg4 {[%clk 0:19:38]} 22. Be5
{[%clk 0:45:00]} Nd7 {[%clk 0:19:18]} 23. Bg7 {[%clk 0:40:12]} Rg8
{[%clk 0:19:30]} 24. Qxe6 {[%clk 0:40:14]} Rxg7 {[%clk 0:19:41]} 25. Rxf7
{[%clk 0:33:44]} Rxf7 {[%clk 0:16:05]} 26. Bg6 {[%clk 0:32:30]} Qc7
{[%clk 0:15:12]} 27. Qxf7+ {[%clk 0:32:42]} 1-0

[Event "World Chess Olympiad 2018"]
[Site "Batumi"]
[Date "2018.10.04"]
[Round "10"]
[Board "2"]
[WhiteFideId "7300662"]
[White "Cu Hor Winston Darwin"]
[BlackFideId "4701178"]
[Black "Pasko Llambi"]
[Result "1/2-1/2"]
[LiveChessVersion "1.4.8"]
[BlackElo "2386"]
[WhiteElo "2319"]

1. Nf3 {[%clk 1:30:48]} Nf6 {[%clk 1:30:41]} 2. c4 {[%clk 1:30:50]} g6
{[%clk 1:30:56]} 3. g3 {[%clk 1:31:14]} Bg7 {[%clk 1:31:13]} 4. Bg2
{[%clk 1:31:30]} c6 {[%clk 1:31:23]} 5. O-O {[%clk 1:31:49]} d5 {[%clk 1:31:30]}
6. cxd5 {[%clk 1:30:13]} cxd5 {[%clk 1:31:51]} 7. d4 {[%clk 1:30:23]} O-O
{[%clk 1:32:05]} 8. Nc3 {[%clk 1:30:48]} Nc6 {[%clk 1:32:25]} 9. Bf4
{[%clk 1:31:06]} Ne4 {[%clk 1:27:17]} 10. Rc1 {[%clk 1:29:56]} Bf5
{[%clk 1:24:03]} 11. Qb3 {[%clk 1:27:17]} Nxc3 {[%clk 1:18:53]} 12. Qxc3
{[%clk 1:23:15]} Be4 {[%clk 1:19:14]} 13. Ne5 {[%clk 1:21:23]} Nxe5
{[%clk 1:14:49]} 14. Bxe5 {[%clk 1:18:21]} Bxg2 {[%clk 1:15:03]} 15. Kxg2
{[%clk 1:18:28]} Bxe5 {[%clk 1:15:24]} 16. dxe5 {[%clk 1:18:44]} Qb6
{[%clk 1:15:40]} 17. Rfd1 {[%clk 1:15:13]} Rfd8 {[%clk 1:14:43]} 18. Qd4
{[%clk 1:13:20]} e6 {[%clk 1:09:58]} 19. Qxb6 {[%clk 1:10:08]} axb6
{[%clk 1:10:24]} 20. Rd3 {[%clk 1:08:47]} Rdc8 {[%clk 1:03:00]} 21. Ra3
{[%clk 1:04:30]} Rxc1 {[%clk 1:01:29]} 22. Rxa8+ {[%clk 1:04:36]} Kg7
{[%clk 1:01:54]} 23. Kf3 {[%clk 1:00:57]} Rc2 {[%clk 1:00:13]} 24. b3
{[%clk 1:01:02]} Rc3+ {[%clk 0:59:27]} 25. Kg2 {[%clk 0:59:06]} g5
{[%clk 0:56:14]} 26. Rb8 {[%clk 0:57:12]} Rc7 {[%clk 0:55:03]} 27. g4
{[%clk 0:55:39]} f6 {[%clk 0:53:41]} 28. Re8 {[%clk 0:55:10]} Kf7
{[%clk 0:53:35]} 29. Rh8 {[%clk 0:55:26]} Kg7 {[%clk 0:52:19]} 30. Re8
{[%clk 0:55:50]} Kf7 {[%clk 0:52:10]} 1/2-1/2

[Event "World Chess Olympiad 2018"]
[Site "Batumi"]
[Date "2018.10.04"]
[Round "10"]
[Board "3"]
[WhiteFideId "4700066"]
[White "Ashiku Franc"]
[BlackFideId "7300220"]
[Black "Ortiz Q Johnny Alexander"]
[Result "1-0"]
[LiveChessVersion "1.4.8"]
[BlackElo "2207"]
[WhiteElo "2373"]

1. Nf3 {[%clk 1:30:37]} Nf6 {[%clk 1:30:41]} 2. g3 {[%clk 1:31:00]} d5
{[%clk 1:31:07]} 3. Bg2 {[%clk 1:31:19]} e6 {[%clk 1:31:34]} 4. O-O
{[%clk 1:31:34]} Be7 {[%clk 1:32:00]} 5. d4 {[%clk 1:31:40]} O-O {[%clk 1:32:24]}
6. c4 {[%clk 1:32:04]} dxc4 {[%clk 1:32:50]} 7. Ne5 {[%clk 1:32:26]} Nc6
{[%clk 1:32:23]} 8. Nxc6 {[%clk 1:32:48]} bxc6 {[%clk 1:32:51]} 9. Na3
{[%clk 1:33:09]} Rb8 {[%clk 1:11:19]} 10. Nxc4 {[%clk 1:33:18]} c5
{[%clk 1:11:48]} 11. Na5 {[%clk 1:32:16]} Bd7 {[%clk 1:12:07]} 12. Nb7
{[%clk 1:30:22]} Qe8 {[%clk 1:10:29]} 13. Nxc5 {[%clk 1:28:33]} Bc6
{[%clk 1:07:56]} 14. Nd3 {[%clk 1:24:13]} Bxg2 {[%clk 1:04:46]} 15. Kxg2
{[%clk 1:24:30]} Qc6+ {[%clk 1:05:14]} 16. f3 {[%clk 1:24:22]} Rfd8
{[%clk 0:55:39]} 17. Be3 {[%clk 1:22:56]} Nd5 {[%clk 0:51:51]} 18. Bf2
{[%clk 1:11:29]} Bg5 {[%clk 0:46:22]} 19. Ne5 {[%clk 1:08:54]} Qb7
{[%clk 0:43:11]} 20. Nc4 {[%clk 0:49:59]} c5 {[%clk 0:40:40]} 21. Qa4
{[%clk 0:42:05]} cxd4 {[%clk 0:18:56]} 22. Bxd4 {[%clk 0:42:23]} Rbc8
{[%clk 0:14:28]} 23. b3 {[%clk 0:42:00]} Nb6 {[%clk 0:12:08]} 24. Bxb6
{[%clk 0:42:05]} axb6 {[%clk 0:12:31]} 25. Qb5 {[%clk 0:41:46]} Bf6
{[%clk 0:11:34]} 26. Rad1 {[%clk 0:41:58]} Bd4 {[%clk 0:11:15]} 27. Rd3
{[%clk 0:37:26]} Rd5 {[%clk 0:10:06]} 28. Qb4 {[%clk 0:37:35]} Bc5
{[%clk 0:08:56]} 29. Qd2 {[%clk 0:36:49]} Rcd8 {[%clk 0:08:14]} 30. Ne5
{[%clk 0:34:46]} Bd4 {[%clk 0:07:51]} 31. e4 {[%clk 0:31:40]} R5d6
{[%clk 0:05:00]} 32. Nc4 {[%clk 0:31:14]} R6d7 {[%clk 0:05:29]} 33. Rd1
{[%clk 0:30:44]} b5 {[%clk 0:03:46]} 34. Ne3 {[%clk 0:24:20]} Qa7
{[%clk 0:02:03]} 35. e5 {[%clk 0:22:19]} f6 {[%clk 0:01:23]} 36. exf6
{[%clk 0:21:57]} gxf6 {[%clk 0:01:01]} 37. Ng4 {[%clk 0:22:06]} Rd5
{[%clk 0:01:07]} 38. Qe2 {[%clk 0:16:55]} Qd7 {[%clk 0:00:32]} 39. Rxd4
{[%clk 0:17:05]} Rxd4 {[%clk 0:00:37]} 40. Nxf6+ {[%clk 0:47:27]} 1-0

[Event "World Chess Olympiad 2018"]
[Site "Batumi"]
[Date "2018.10.04"]
[Round "10"]
[Board "4"]
[WhiteFideId "7300239"]
[White "Lorenzana Wilson Estuardo"]
[BlackFideId "4700031"]
[Black "Seitaj Ilir"]
[Result "1/2-1/2"]
[LiveChessVersion "1.4.8"]
[BlackElo "2360"]
[WhiteElo "2292"]

1. e4 {[%clk 1:30:35]} e5 {[%clk 1:30:53]} 2. Nf3 {[%clk 1:31:00]} Nc6
{[%clk 1:31:16]} 3. Bc4 {[%clk 1:31:26]} Nf6 {[%clk 1:31:38]} 4. d3
{[%clk 1:31:53]} Be7 {[%clk 1:32:00]} 5. O-O {[%clk 1:32:17]} O-O
{[%clk 1:32:24]} 6. Re1 {[%clk 1:32:18]} d6 {[%clk 1:32:39]} 7. c3
{[%clk 1:32:26]} Be6 {[%clk 1:32:22]} 8. Nbd2 {[%clk 1:30:15]} Qd7
{[%clk 1:32:42]} 9. Bb5 {[%clk 1:27:26]} a6 {[%clk 1:32:43]} 10. Bxc6
{[%clk 1:27:52]} Qxc6 {[%clk 1:32:21]} 11. d4 {[%clk 1:28:17]} exd4
{[%clk 1:29:25]} 12. Nxd4 {[%clk 1:25:12]} Qd7 {[%clk 1:29:31]} 13. f4
{[%clk 1:25:37]} Qc8 {[%clk 1:22:51]} 14. N2f3 {[%clk 1:13:15]} Bd7
{[%clk 1:21:52]} 15. e5 {[%clk 1:11:10]} dxe5 {[%clk 1:21:10]} 16. fxe5
{[%clk 1:08:50]} Nd5 {[%clk 1:19:51]} 17. Bg5 {[%clk 1:03:59]} Bxg5
{[%clk 1:10:07]} 18. Nxg5 {[%clk 1:04:22]} Nf4 {[%clk 1:07:55]} 19. Qc2
{[%clk 1:04:05]} Ng6 {[%clk 1:07:51]} 20. e6 {[%clk 1:03:10]} fxe6
{[%clk 1:07:55]} 21. Ndxe6 {[%clk 1:02:54]} Bxe6 {[%clk 1:03:48]} 22. Rxe6
{[%clk 1:03:18]} Qd7 {[%clk 1:01:09]} 23. Rd1 {[%clk 0:57:03]} Qb5
{[%clk 1:01:27]} 24. h4 {[%clk 0:37:27]} Qc5+ {[%clk 0:57:59]} 25. Rd4
{[%clk 0:37:50]} Qf5 {[%clk 0:53:08]} 26. Qxf5 {[%clk 0:34:11]} Rxf5
{[%clk 0:53:31]} 27. g3 {[%clk 0:34:00]} Raf8 {[%clk 0:53:12]} 28. Re2
{[%clk 0:34:15]} Ne5 {[%clk 0:52:55]} 29. Kg2 {[%clk 0:33:04]} Nf3
{[%clk 0:48:03]} 30. Nxf3 {[%clk 0:31:35]} Rxf3 {[%clk 0:47:06]} 1/2-1/2

[Event "World Chess Olympiad 2018"]
[Site "Batumi"]
[Date "2018.10.04"]
[Round "10"]
[Board "1"]
[WhiteFideId "3000010"]
[White "Rodriguez Vila Andres"]
[BlackFideId "13202340"]
[Black "Lee Jun Hyeok"]
[Result "1-0"]
[LiveChessVersion "1.4.8"]
[BlackElo "2263"]
[WhiteElo "2477"]

1. e4 {[%clk 1:30:53]} g6 {[%clk 1:30:54]} 2. d4 {[%clk 1:30:53]} Bg7
{[%clk 1:31:18]} 3. Nf3 {[%clk 1:30:43]} d6 {[%clk 1:31:40]} 4. Be3
{[%clk 1:31:05]} Nf6 {[%clk 1:31:12]} 5. Nc3 {[%clk 1:31:29]} a6 {[%clk 1:29:40]}
6. Qd2 {[%clk 1:31:52]} b5 {[%clk 1:28:57]} 7. Bh6 {[%clk 1:32:15]} O-O
{[%clk 1:25:47]} 8. Bxg7 {[%clk 1:32:30]} Kxg7 {[%clk 1:26:15]} 9. Bd3
{[%clk 1:32:54]} Bb7 {[%clk 1:22:43]} 10. e5 {[%clk 1:33:14]} Nd5
{[%clk 1:19:17]} 11. O-O-O {[%clk 1:33:37]} Qc8 {[%clk 1:16:40]} 12. h4
{[%clk 1:32:30]} h5 {[%clk 1:15:29]} 13. Ng5 {[%clk 1:29:05]} Nxc3
{[%clk 1:07:43]} 14. Qxc3 {[%clk 1:29:02]} dxe5 {[%clk 1:07:22]} 15. dxe5
{[%clk 1:27:52]} c5 {[%clk 1:07:23]} 16. e6+ {[%clk 1:27:21]} f6 {[%clk 1:05:37]}
17. Bxg6 {[%clk 1:06:34]} Kxg6 {[%clk 1:05:32]} 18. Qg3 {[%clk 1:06:46]} Nc6
{[%clk 0:35:04]} 19. Nf7+ {[%clk 1:01:19]} Kh7 {[%clk 0:35:09]} 20. Rd5
{[%clk 1:01:06]} Ne5 {[%clk 0:34:24]} 21. Rxe5 {[%clk 0:55:25]} fxe5
{[%clk 0:34:07]} 22. Qxe5 {[%clk 0:55:44]} Rxf7 {[%clk 0:32:48]} 23. Qxh5+
{[%clk 0:56:02]} 1-0

[Event "World Chess Olympiad 2018"]
[Site "Batumi"]
[Date "2018.10.04"]
[Round "10"]
[Board "2"]
[WhiteFideId "410969"]
[White "Walker Martin G"]
[BlackFideId "3000028"]
[Black "Roselli Mailhe Bernardo"]
[Result "1/2-1/2"]
[LiveChessVersion "1.4.8"]
[BlackElo "2439"]
[WhiteElo "2078"]

1. e4 {[%clk 1:30:57]} e6 {[%clk 1:30:55]} 2. d4 {[%clk 1:31:22]} d5
{[%clk 1:31:21]} 3. Nd2 {[%clk 1:31:48]} a6 {[%clk 1:31:46]} 4. exd5
{[%clk 1:30:27]} exd5 {[%clk 1:32:10]} 5. Bd3 {[%clk 1:30:29]} c5
{[%clk 1:32:33]} 6. dxc5 {[%clk 1:30:00]} Bxc5 {[%clk 1:32:56]} 7. Ngf3
{[%clk 1:30:12]} Qe7+ {[%clk 1:33:19]} 8. Qe2 {[%clk 1:29:48]} Nc6
{[%clk 1:32:34]} 9. Nb3 {[%clk 1:17:19]} Bb6 {[%clk 1:32:33]} 10. Be3
{[%clk 1:17:14]} Bxe3 {[%clk 1:32:28]} 11. Qxe3 {[%clk 1:17:38]} Qxe3+
{[%clk 1:32:53]} 12. fxe3 {[%clk 1:18:02]} Nf6 {[%clk 1:33:15]} 13. Nbd4
{[%clk 1:12:46]} O-O {[%clk 1:29:20]} 14. O-O {[%clk 1:05:47]} Re8
{[%clk 1:23:19]} 15. Rfe1 {[%clk 1:06:08]} Bd7 {[%clk 1:20:59]} 16. c3
{[%clk 0:50:13]} Na5 {[%clk 1:18:32]} 17. Nd2 {[%clk 0:49:36]} Rac8
{[%clk 1:11:21]} 18. e4 {[%clk 0:49:19]} Nc4 {[%clk 1:08:17]} 19. Bxc4
{[%clk 0:39:20]} dxc4 {[%clk 1:08:34]} 20. N4f3 {[%clk 0:39:45]} Bg4
{[%clk 0:54:37]} 21. Nd4 {[%clk 0:20:10]} Nd7 {[%clk 0:50:18]} 22. h3
{[%clk 0:20:14]} Be6 {[%clk 0:50:38]} 23. a4 {[%clk 0:20:37]} b6 {[%clk 0:41:28]}
24. Re3 {[%clk 0:12:20]} g6 {[%clk 0:38:36]} 25. N2f3 {[%clk 0:10:36]} Nc5
{[%clk 0:34:30]} 26. Ne5 {[%clk 0:09:53]} f6 {[%clk 0:27:01]} 27. Nxe6
{[%clk 0:09:58]} Rxe6 {[%clk 0:23:57]} 28. Nxc4 {[%clk 0:10:18]} Nb3
{[%clk 0:23:56]} 29. Ra3 {[%clk 0:10:42]} Rxc4 {[%clk 0:24:04]} 30. Rxb3
{[%clk 0:11:08]} Rxa4 {[%clk 0:24:27]} 31. Kf2 {[%clk 0:07:37]} b5
{[%clk 0:24:03]} 32. Kf3 {[%clk 0:08:01]} Kf7 {[%clk 0:24:26]} 33. Rb4
{[%clk 0:07:26]} Rxb4 {[%clk 0:19:34]} 34. cxb4 {[%clk 0:07:51]} Rd6
{[%clk 0:19:37]} 35. Ra3 {[%clk 0:08:14]} Rd2 {[%clk 0:12:05]} 36. Rxa6
{[%clk 0:08:19]} Rxb2 {[%clk 0:12:29]} 37. Ra7+ {[%clk 0:08:45]} Ke6
{[%clk 0:12:44]} 38. Rxh7 {[%clk 0:08:50]} Rb3+ {[%clk 0:12:04]} 39. Kf4
{[%clk 0:05:47]} Rxb4 {[%clk 0:04:15]} 40. Ke3 {[%clk 0:36:11]} Rb3+
{[%clk 0:34:14]} 41. Kd4 {[%clk 0:36:34]} Rb4+ {[%clk 0:32:48]} 42. Ke3
{[%clk 0:36:51]} Rb2 {[%clk 0:32:56]} 43. g4 {[%clk 0:34:59]} Rb3+
{[%clk 0:29:22]} 44. Kd4 {[%clk 0:35:16]} Rb4+ {[%clk 0:28:50]} 45. Ke3
{[%clk 0:35:40]} Rb3+ {[%clk 0:28:35]} 46. Kd4 {[%clk 0:36:04]} Rg3
{[%clk 0:28:47]} 47. Kc5 {[%clk 0:34:23]} b4 {[%clk 0:25:29]} 48. Kxb4
{[%clk 0:34:39]} Re3 {[%clk 0:25:55]} 49. Kc4 {[%clk 0:34:28]} Rxe4+
{[%clk 0:21:49]} 50. Kd3 {[%clk 0:34:52]} f5 {[%clk 0:21:01]} 51. gxf5+
{[%clk 0:27:15]} gxf5 {[%clk 0:21:21]} 52. h4 {[%clk 0:27:38]} Kf6
{[%clk 0:21:42]} 53. Rh6+ {[%clk 0:27:42]} Ke5 {[%clk 0:21:41]} 54. h5
{[%clk 0:27:13]} Rh4 {[%clk 0:18:32]} 55. Ke3 {[%clk 0:27:30]} Rh3+
{[%clk 0:18:57]} 56. Kf2 {[%clk 0:26:59]} Kf4 {[%clk 0:19:21]} 57. Ra6
{[%clk 0:25:22]} Rh2+ {[%clk 0:19:27]} 58. Kg1 {[%clk 0:25:39]} Rxh5
{[%clk 0:19:49]} 59. Ra4+ {[%clk 0:26:05]} Kg5 {[%clk 0:19:48]} 60. Kg2
{[%clk 0:26:27]} Rh8 {[%clk 0:19:51]} 61. Kg3 {[%clk 0:26:35]} Rb8
{[%clk 0:20:18]} 62. Ra3 {[%clk 0:22:22]} Rb4 {[%clk 0:20:43]} 63. Rc3
{[%clk 0:22:38]} Ra4 {[%clk 0:20:13]} 64. Rb3 {[%clk 0:22:57]} Rd4
{[%clk 0:20:37]} 65. Ra3 {[%clk 0:20:48]} Rh4 {[%clk 0:20:46]} 66. Rb3
{[%clk 0:19:21]} f4+ {[%clk 0:20:42]} 67. Kg2 {[%clk 0:19:45]} Kg4
{[%clk 0:21:06]} 68. Rb8 {[%clk 0:17:21]} f3+ {[%clk 0:21:31]} 69. Kf2
{[%clk 0:16:01]} Rh2+ {[%clk 0:21:53]} 70. Kg1 {[%clk 0:16:25]} Rg2+
{[%clk 0:22:18]} 71. Kf1 {[%clk 0:16:51]} Ra2 {[%clk 0:22:34]} 72. Rg8+
{[%clk 0:17:16]} Kf4 {[%clk 0:22:54]} 73. Rf8+ {[%clk 0:17:41]} Ke3
{[%clk 0:23:17]} 74. Re8+ {[%clk 0:18:06]} 1/2-1/2

[Event "World Chess Olympiad 2018"]
[Site "Batumi"]
[Date "2018.10.04"]
[Round "10"]
[Board "3"]
[WhiteFideId "3003809"]
[White "Lopez Azambuja Nicolas"]
[BlackFideId "13200518"]
[Black "Kim Saebyeok"]
[Result "1-0"]
[LiveChessVersion "1.4.8"]
[BlackElo "1999"]
[WhiteElo "2322"]

1. d4 {[%clk 1:30:57]} Nf6 {[%clk 1:30:43]} 2. Nf3 {[%clk 1:30:42]} e6
{[%clk 1:30:45]} 3. e3 {[%clk 1:30:15]} c5 {[%clk 1:30:12]} 4. Bd3
{[%clk 1:30:09]} b6 {[%clk 1:30:15]} 5. O-O {[%clk 1:30:21]} Ba6 {[%clk 1:27:25]}
6. Bxa6 {[%clk 1:25:10]} Nxa6 {[%clk 1:27:46]} 7. c4 {[%clk 1:25:29]} Be7
{[%clk 1:24:33]} 8. d5 {[%clk 1:23:48]} Qb8 {[%clk 1:21:10]} 9. Nc3
{[%clk 1:20:14]} O-O {[%clk 1:21:07]} 10. e4 {[%clk 1:18:00]} d6 {[%clk 1:17:42]}
11. Bg5 {[%clk 1:13:54]} e5 {[%clk 1:15:55]} 12. Qd2 {[%clk 0:55:33]} Qd8
{[%clk 1:14:19]} 13. h3 {[%clk 0:52:16]} Nc7 {[%clk 1:12:02]} 14. a3
{[%clk 0:46:38]} Nh5 {[%clk 1:02:16]} 15. Be3 {[%clk 0:46:01]} f5
{[%clk 1:00:46]} 16. exf5 {[%clk 0:45:38]} Rxf5 {[%clk 1:00:54]} 17. Qe2
{[%clk 0:41:23]} Nf4 {[%clk 0:59:18]} 18. Bxf4 {[%clk 0:41:46]} Rxf4
{[%clk 0:59:34]} 19. Nd2 {[%clk 0:40:11]} Qd7 {[%clk 0:57:58]} 20. b4
{[%clk 0:37:06]} Raf8 {[%clk 0:52:35]} 21. Nde4 {[%clk 0:34:31]} Ne8
{[%clk 0:49:00]} 22. Rab1 {[%clk 0:30:53]} g5 {[%clk 0:49:02]} 23. bxc5
{[%clk 0:28:24]} bxc5 {[%clk 0:47:16]} 24. Rb8 {[%clk 0:23:42]} Ng7
{[%clk 0:41:53]} 25. Rfb1 {[%clk 0:22:50]} Rxb8 {[%clk 0:32:33]} 26. Rxb8+
{[%clk 0:23:05]} Rf8 {[%clk 0:32:43]} 27. Qb2 {[%clk 0:21:26]} Rxb8
{[%clk 0:18:50]} 28. Qxb8+ {[%clk 0:21:46]} Kf7 {[%clk 0:16:54]} 29. Nb5
{[%clk 0:21:17]} Nf5 {[%clk 0:12:17]} 30. Qxa7 {[%clk 0:19:05]} Qxa7
{[%clk 0:12:27]} 31. Nxa7 {[%clk 0:19:33]} Ke8 {[%clk 0:11:18]} 32. Nc8
{[%clk 0:19:25]} h6 {[%clk 0:11:20]} 33. g4 {[%clk 0:19:15]} Nd4 {[%clk 0:08:36]}
34. Ncxd6+ {[%clk 0:19:29]} Bxd6 {[%clk 0:08:39]} 35. Nxd6+ {[%clk 0:19:54]} Kd7
{[%clk 0:08:25]} 36. Ne4 {[%clk 0:19:49]} Nb3 {[%clk 0:07:19]} 37. Kf1
{[%clk 0:19:41]} Kc7 {[%clk 0:07:42]} 38. Ke2 {[%clk 0:19:49]} Kb6
{[%clk 0:08:09]} 39. Kd3 {[%clk 0:19:01]} Nd4 {[%clk 0:08:26]} 40. Ng3
{[%clk 0:48:19]} Nf3 {[%clk 0:38:00]} 41. Nf5 {[%clk 0:48:00]} Ng1
{[%clk 0:38:17]} 42. Nxh6 {[%clk 0:46:49]} Nxh3 {[%clk 0:38:40]} 43. Ke4 1-0

[Event "World Chess Olympiad 2018"]
[Site "Batumi"]
[Date "2018.10.04"]
[Round "10"]
[Board "4"]
[WhiteFideId "13201727"]
[White "Kang Taehyung"]
[BlackFideId "101710"]
[Black "Rodi Luis Ernesto"]
[Result "0-1"]
[LiveChessVersion "1.4.8"]
[BlackElo "2308"]
[WhiteElo "1860"]

1. e4 {[%clk 1:30:56]} e5 {[%clk 1:30:37]} 2. Nf3 {[%clk 1:31:21]} Nc6
{[%clk 1:30:55]} 3. Bc4 {[%clk 1:31:38]} Bc5 {[%clk 1:31:15]} 4. c3
{[%clk 1:29:44]} Qe7 {[%clk 1:31:05]} 5. O-O {[%clk 1:29:47]} d6 {[%clk 1:31:07]}
6. d4 {[%clk 1:24:54]} Bb6 {[%clk 1:31:30]} 7. h3 {[%clk 1:23:44]} Nf6
{[%clk 1:31:44]} 8. Re1 {[%clk 1:20:07]} h6 {[%clk 1:31:44]} 9. a4
{[%clk 1:12:59]} a6 {[%clk 1:31:58]} 10. b3 {[%clk 1:12:24]} g5 {[%clk 1:31:12]}
11. Nxg5 {[%clk 0:49:19]} hxg5 {[%clk 1:30:10]} 12. Bxg5 {[%clk 0:49:43]} Rg8
{[%clk 1:30:29]} 13. h4 {[%clk 0:49:41]} exd4 {[%clk 1:30:27]} 14. Bd5
{[%clk 0:40:18]} dxc3 {[%clk 1:29:25]} 15. Nxc3 {[%clk 0:40:22]} Rxg5
{[%clk 1:29:07]} 16. Bxc6+ {[%clk 0:38:08]} bxc6 {[%clk 1:29:30]} 17. hxg5
{[%clk 0:38:07]} Ng4 {[%clk 1:29:50]} 18. Qd2 {[%clk 0:26:59]} Bxf2+
{[%clk 1:28:06]} 19. Kf1 {[%clk 0:27:07]} a5 {[%clk 1:26:28]} 20. Ke2
{[%clk 0:18:29]} Be3 {[%clk 1:24:57]} 21. Qc2 {[%clk 0:18:10]} Ba6+
{[%clk 1:22:48]} 22. Kf3 {[%clk 0:16:29]} Qxg5 {[%clk 1:22:32]} 23. g3
{[%clk 0:16:38]} Bd3 {[%clk 1:19:45]} 24. Qb2 {[%clk 0:14:11]} Kd7
{[%clk 1:19:35]} 25. Rh1 {[%clk 0:07:14]} Qf6+ {[%clk 1:16:12]} 0-1

[Event "World Chess Olympiad 2018"]
[Site "Batumi"]
[Date "2018.10.04"]
[Round "10"]
[Board "1"]
[WhiteFideId "696358"]
[White "Bellahcene Bilel"]
[BlackFideId "13100050"]
[Black "Rakotomaharo Fy Antenaina"]
[Result "0-1"]
[LiveChessVersion "1.4.8"]
[BlackElo "2422"]
[WhiteElo "2501"]

1. e4 {[%clk 1:30:58]} e5 {[%clk 1:30:53]} 2. Qh5 {[%clk 1:31:24]} Nc6
{[%clk 1:31:19]} 3. Bc4 {[%clk 1:31:51]} g6 {[%clk 1:31:38]} 4. Qf3
{[%clk 1:32:18]} Nf6 {[%clk 1:32:01]} 5. Ne2 {[%clk 1:33:15]} Bg7
{[%clk 1:32:15]} 6. Nbc3 {[%clk 1:33:42]} d6 {[%clk 1:31:59]} 7. d3
{[%clk 1:34:08]} Nb4 {[%clk 1:31:49]} 8. Bb3 {[%clk 1:34:27]} Be6
{[%clk 1:32:13]} 9. Ba4+ {[%clk 1:34:42]} c6 {[%clk 1:27:05]} 10. a3
{[%clk 1:35:07]} Na6 {[%clk 1:27:32]} 11. b4 {[%clk 1:35:32]} O-O
{[%clk 1:27:42]} 12. Rb1 {[%clk 1:35:51]} d5 {[%clk 1:18:51]} 13. Bb3
{[%clk 1:34:53]} Bg4 {[%clk 1:05:41]} 14. Qg3 {[%clk 1:35:19]} Nc7
{[%clk 1:06:08]} 15. f3 {[%clk 1:33:28]} Bc8 {[%clk 1:06:05]} 16. O-O
{[%clk 1:31:54]} Ne6 {[%clk 1:05:23]} 17. Rd1 {[%clk 1:29:09]} a5
{[%clk 1:02:25]} 18. Qf2 {[%clk 1:26:00]} d4 {[%clk 0:57:33]} 19. Na4
{[%clk 1:26:04]} axb4 {[%clk 0:57:53]} 20. axb4 {[%clk 1:26:28]} b5
{[%clk 0:58:07]} 21. Bxe6 {[%clk 1:26:05]} Bxe6 {[%clk 0:58:32]} 22. Nc5
{[%clk 1:26:28]} Ba2 {[%clk 0:58:47]} 23. Rb2 {[%clk 1:22:52]} Nd7
{[%clk 0:58:19]} 24. Nb3 {[%clk 1:17:19]} Ra3 {[%clk 0:45:34]} 25. Na5
{[%clk 1:12:42]} Be6 {[%clk 0:37:59]} 26. Nxc6 {[%clk 1:11:16]} Qc7
{[%clk 0:38:23]} 27. Na5 {[%clk 1:06:53]} Nb6 {[%clk 0:29:59]} 28. c3
{[%clk 1:01:42]} Na4 {[%clk 0:29:29]} 29. Rc2 {[%clk 1:01:59]} Rb3
{[%clk 0:28:21]} 30. f4 {[%clk 0:28:41]} f5 {[%clk 0:25:50]} 31. exf5
{[%clk 0:27:53]} Rxf5 {[%clk 0:25:38]} 32. Qe1 {[%clk 0:23:38]} dxc3
{[%clk 0:23:05]} 33. Ng3 {[%clk 0:15:47]} Rxb4 {[%clk 0:19:04]} 34. Nxf5
{[%clk 0:13:40]} Bxf5 {[%clk 0:19:19]} 35. Ba3 {[%clk 0:10:50]} Qxa5
{[%clk 0:16:31]} 36. Bxb4 {[%clk 0:11:16]} Qxb4 {[%clk 0:16:56]} 37. fxe5
{[%clk 0:11:24]} Qd4+ {[%clk 0:15:51]} 38. Kh1 {[%clk 0:11:51]} Bxe5
{[%clk 0:02:42]} 39. Re2 {[%clk 0:42:17]} Bf6 {[%clk 0:33:05]} 40. Qg3
{[%clk 0:41:15]} 0-1